000 00753nam a2200229 a 4500
005 20221118063730.0
008 991125s1996 ag 000 0 spa u
020 _a9507010947
035 _aUPN01000004022
049 _aCG
050 4 _aLB1590
_bL4.2 1996
100 1 _aLerner de Zunino, Delia
245 1 3 _aEl aprendizaje de la lengua escrita en la escuela :
_breflexiones sobre la propuesta pedagógica constructivista /
_cDelia Lerner de Zunino, Alicia Palacios de Pizani.
250 _a4a ed.
260 _aBuenos Aires :
_bAique,
_c1996.
300 _a128 p.
440 0 _aDidáctica
650 4 _aEscritura
_xEstudio y enseñanza (Elemental)
_92804
700 1 _aPalacios de Pizani, Alicia,
_ecoaut.
905 _aLibro
999 _c4022
_d4022